Faculty of Law Library — Cairo University

Official Online Catalog

Actes Du Congrès Pénal Et Pénitentiaire International : (Record no. 74771)

MARC details
000 -LEADER
fixed length control field 01257nam a2200301 i 4500
003 - CONTROL NUMBER IDENTIFIER
control field EG-GICUC
005 - DATE AND TIME OF LATEST TRANSACTION
control field 20260502102207.0
008 - FIXED-LENGTH DATA ELEMENTS--GENERAL INFORMATION
fixed length control field 260502s1931 |||fr|||| 00| 0 fre d
040 ## - CATALOGING SOURCE
Original cataloging agency EG-GICUC
Language of cataloging fre
Transcribing agency EG-GICUC
Modifying agency EG-GICUC
Description conventions rda
082 04 - DEWEY DECIMAL CLASSIFICATION NUMBER
Edition number 21
Classification number 343.6
Item number CO . A
092 04 - LOCALLY ASSIGNED DEWEY CALL NUMBER (OCLC)
Edition number 21
099 ## - LOCAL FREE-TEXT CALL NUMBER (OCLC)
Classification number Law1 10 343.6 CO . A 1931
111 ## - MAIN ENTRY--MEETING NAME
Meeting name or jurisdiction name as entry element Congrès Pénal Et Pénitentiaire International.
Date of meeting or treaty signing Août 1930.
245 10 - TITLE STATEMENT
Title Actes Du Congrès Pénal Et Pénitentiaire International :
Remainder of title Tableaux Des Comités Et Des Membres Programme Des Questions Traitées; Résolutions Votées Documents Présentés Récit Des Réceptions Et Excursions.
Number of part/section of a work Volume IB /
Statement of responsibility, etc. Congrès Pénal Et Pénitentiaire International.
264 #1 - PRODUCTION, PUBLICATION, DISTRIBUTION, MANUFACTURE, AND COPYRIGHT NOTICE
Place of production, publication, distribution, manufacture Berne :
Name of producer, publisher, distributor, manufacturer Bureau De La Commission Internationale Pénale Et Pénitentiaire,
Date of production, publication, distribution, manufacture, or copyright notice 1931.
264 #3 - PRODUCTION, PUBLICATION, DISTRIBUTION, MANUFACTURE, AND COPYRIGHT NOTICE
Place of production, publication, distribution, manufacture Berne :
Name of producer, publisher, distributor, manufacturer Imprimé Par Stæmpeli & Cie,
300 ## - PHYSICAL DESCRIPTION
Extent 101 page;
Dimensions 24 cm
336 ## - CONTENT TYPE
Source rda content
Content type term text
337 ## - MEDIA TYPE
Source rda media
Media type term Computer
338 ## - CARRIER TYPE
Source rda carrier
Carrier type term Online Resource
546 ## - LANGUAGE NOTE
Language note النص باللغة الفرنسية
650 1# - SUBJECT ADDED ENTRY--TOPICAL TERM
Topical term or geographic name entry element Criminologie
Source of heading or term qrmak
650 1# - SUBJECT ADDED ENTRY--TOPICAL TERM
Topical term or geographic name entry element Droit De Pénal
Source of heading or term qrmak
651 1# - SUBJECT ADDED ENTRY--GEOGRAPHIC NAME
Source of heading or term qrmak
856 40 - ELECTRONIC LOCATION AND ACCESS
Uniform Resource Identifier <a href="https://fll.law.cu.edu.eg/fulltext/conf/B10-11126.pdf">https://fll.law.cu.edu.eg/fulltext/conf/B10-11126.pdf</a>
905 ## - Cataloger and Reviser Names
Cataloger Name: Yasmin Sayed
942 ## - ADDED ENTRY ELEMENTS (KOHA)
Source of classification or shelving scheme Dewey Decimal Classification
Koha item type Books
Edition 21
Suppress in OPAC No
Holdings
Withdrawn status Lost status Source of classification or shelving scheme Damaged status Not for loan Collection Home library Current library Date acquired Total checkouts Full call number Barcode Date last seen Copy number Price effective from Koha item type
    Dewey Decimal Classification   Not for loan القانون الجنائي جــــامعة القــاهرة مكتبة كلية الحقوق - المبنى الرئيسي 02.05.2026   Law1 10 343.6 CO . A 1931 1011126 V1, C1 B10-11126 02.05.2026 1 02.05.2026 Books

© All rights reserved — Faculty of Law, Cairo University